La lengua española en cuatro mundos

محفوظ في:
التفاصيل البيبلوغرافية
المؤلف الرئيسي: Quilis, Antonio (مؤلف)
التنسيق: كتاب
اللغة:الإسبانية
منشور في: Madrid Mapfre 1992
سلاسل:Colección Idioma e Iberoamérica, 6
الموضوعات:
الوسوم: إضافة وسم
لا توجد وسوم, كن أول من يضع وسما على هذه التسجيلة!

MARC

LEADER 00000nam a2200000 a 4500
001 UCX6590
003 CL-VaPUC
008 930728e19920000SP |||||||||||||||||spa|d
082 0 4 |a 467.9  |b QUI  |2 21 
100 0 |a Quilis, Antonio  |e author  |9 323172 
245 1 3 |a La lengua española en cuatro mundos 
300 |a 295 p 
942 |c BK 
945 |d 19930728 00:00:00 
260 |a Madrid  |b Mapfre  |c 1992 
650 7 |a ESPAÑOL ENSEÑANZA ESTUDIANTES EXTRANJEROS  |2 CL-VaPUC  |9 323173 
650 7 |a ESPAÑOL TRANSLITERACION  |2 CL-VaPUC  |9 323174 
583 |a last modification  |c 19930728 00:00:00  |k Rodrigo Vera 
490 0 |a Colección Idioma e Iberoamérica, 6 
999 |c 226588  |d 226586 
952 |0 0  |1 0  |4 0  |6 467_900000000000000_QUI_1992  |7 0  |8 A  |9 225083  |a BIBHIS  |b BIBHIS  |d 2019-11-15  |i 2937824  |o 467.9 QUI 1992  |p 2937824  |r 2025-01-20  |w 2019-11-15  |y BK  |k HIS